000 00205nam a2200097Ia 4500
008 240331s9999 xx 000 0 und d
082 _bPAS
100 _aPashiir,V.M
245 0 _aPaalyakaala caki
942 _cL
999 _c5419
_d5419